000 00670nam a2200217 4500
003 OSt
005 20260530115309.0
008 260507b1961 us ||||| |||| 00| 0 eng d
040 _aICI
_bspa
_cICI
041 _aeng
050 _aSB472
_bS59 1961
100 1 _aSimonds, John Ormsbee,
_eautor
_932514
245 1 0 _a Landscape architecture :
_bThe sharping of man's natural environment /
_cJohn ormsbee simonds
264 1 _b New York :
_bMcGraw-Hill,
_c1961
300 _a 224 páginas
_bIlustrado
336 _atexto
_2rdacontent
337 _asin medio
_2rdamedia
338 _avolumen
_2rdacarrier
650 4 _aArquitectura del paisaje
_932515
942 _2lcc
_cBK
_n1
999 _c13249
_d13249